000 00546nam a2200181 a 4500
001 000030731
005 20200930062457.0
008 110526s1965 ag a 000 0 spa d
040 _aDO-SdBNP
_bspa
_cBNPHU
082 _axxxx
_bW929a
100 1 _aWorringer, Wilhelm
_957308
245 1 3 _aEl arte egipcio :
_bproblemas de su valoración /
_cWilhelm Worringer.
260 _aBuenos Aires, :
_bNueva visión,
_c1965.
300 _a125 p. :
_bil. ;
_c16 cm.
490 1 _aEnsayos nueva serie
830 0 _aEnsayos nueva serie
_957309
049 _aBNPD
999 _c30223
_d30223